Statistiques concernant Coupe du Monde de Football Féminin - 4 premières places

Cliquez ici pour prendre le quiz!

Statistiques générales

  • Ce quiz a été pris 23 381 fois
    (21 560 depuis la dernière actualisation)
  • Le résultat moyen est 11 sur 13

Statistiques - réponses

Pays% Correct
France
99%
Espagne
98%
États-Unis
97%
Allemagne
91%
Angleterre
90%
Brésil
87%
Japon
80%
Australie
79%
Canada
79%
Suède
78%
Norvège
68%
Pays-Bas
67%
Chine
66%

Distribution des résultats

Percentile par nombre de réponses

% des personnes avec chaque résultat

Votre développement - résultats

Vous n’avez pas pris ce quiz depuis la dernière actualisation